Style - Taylor Swift Lyrics - Statistics

General Stats
  • This quiz has been taken 96 times
  • The average score is 308 of 368
Answer Stats
Answer % Correct
a
100%
you
100%
and
99%
go
99%
I
99%
in
99%
got
96%
that
96%
eye
95%
look
95%
your
95%
style
94%
come
93%
daydream
93%
he
93%
me
93%
never
93%
of
93%
out
93%
red
93%
we
93%
we`
93%
like
91%
thing
90%
time
90%
every
89%
lip
89%
back
88%
but
88%
classic
88%
james
88%
long
88%
the
88%
dean
86%
down
85%
heard
85%
no
85%
up
84%
when
84%
'cause
83%
girl
81%
it
81%
pick
81%
Midnight
80%
to
80%
white
80%
been
79%
crashin'
79%
oh
79%
skirt
79%
so
79%
tshirt
79%
hair
78%
headlights
78%
what
78%
drive
76%
little
76%
tight
75%
can't
73%
it's
73%
just
73%
know
73%
each
71%
good
71%
have
71%
'round
70%
since
69%
take
69%
you've
69%
even
68%
exactly
68%
from
68%
while
68%
eyes
66%
other
66%
slicked
66%
true
66%
home
65%
leave
65%
some
65%
about
64%
said
64%
with
63%
goes
61%
his
61%
is
61%
on
61%
where
61%
paradise
60%
say
60%
watch
60%
few
59%
road
59%
stop
59%
times
59%
end
58%
I've
58%
keep
58%
tell
58%
there
58%
thinkin'
58%
'bout
56%
burnin'
56%
flames
56%
leads
56%
off
56%
or
55%
view
55%
wild
55%
yeah
55%
could
54%
should
54%
too
54%
fade
53%
into
53%
us
53%
takes
51%
says
50%
are
49%
lights
49%
he's
46%
coat
45%
taking
45%
faith
43%
mm
26%
woah
21%
girl faith
18%
thta
1%
No matching quizzes found
Score Distribution
Percent of People with Each Score
Percentile by Number Answered
Your Score History
You have not taken this quiz